El agua, ante nuevos desafíos: actores e iniciativas en Ecuador, Perú y Bolivia
-д хадгалсан:
| Үндсэн зохиолч: | |
|---|---|
| Формат: | Ном |
| Хэл сонгох: | испани |
| Хэвлэсэн: |
Lima
Instituto de Estudios Peruanos
2009
|
| Хэвлэл: | 1a. ed |
| Нөхцлүүд: | |
| Шошгууд: |
Шошго нэмэх
Шошго байхгүй, Энэхүү баримтыг шошголох эхний хүн болох!
|
MARC
| LEADER | 00000cam a2200000 a 4500 | ||
|---|---|---|---|
| 001 | UCF3131 | ||
| 003 | CL-VaPUC | ||
| 008 | 120927e20090300PE |||||||||||||||||spa|d | ||
| 020 | |a 9789972512391 | ||
| 082 | 0 | 4 | |a 631.58785 |b ORE |2 21 |
| 100 | |a Oré Vélez, María Teresa |e autora |9 565028 | ||
| 245 | 1 | 3 | |a El agua, ante nuevos desafíos: actores e iniciativas en Ecuador, Perú y Bolivia |
| 250 | |a 1a. ed | ||
| 300 | |a 466 p | ||
| 942 | |c BK | ||
| 945 | |d 20120927 00:00:00 |a dcastane | ||
| 260 | |a Lima |b Instituto de Estudios Peruanos |c 2009 | ||
| 500 | |a Incluye CD | ||
| 650 | 0 | |a Riego |9 259685 | |
| 650 | 0 | |a Agricultura |9 255598 | |
| 650 | 7 | |a UTILIZACION DEL AGUA |2 CL-VaPUC |9 332319 | |
| 650 | 0 | |a Agua de riego |9 260487 | |
| 650 | 7 | |a DERECHO DEL AGUA |2 CL-VaPUC |9 255375 | |
| 650 | 0 | |a Sistemas de riego |9 362150 | |
| 583 | |a last modification |c 20121002 10:48:01 |k Rodrigo Vera | ||
| 999 | |c 349614 |d 349612 | ||
| 952 | |0 0 |1 0 |4 0 |6 631_587850000000000_ORE_2009 |7 0 |8 A |9 452298 |a BIBING |b BIBING |d 2019-11-22 |i 4910532 |l 1 |m 2 |o 631.58785 ORE 2009 |p 4910532 |r 2025-01-20 |s 2021-10-20 |w 2019-11-22 |y BK |k GEO | ||